000 01101nam a2200325 a 4500
999 _c3460
_d3460
003 AKMAL
005 20170523090844.0
008 170523s2009 mau e 000 0 eng d
020 _a9781422129654 (pbk.) :
_cRM50.51
040 _aAKMAL
082 0 4 _a658.4092 HAR
_222
090 0 0 _a658.4092
_bHAR
245 0 0 _aLeading through a crisis
260 _aBoston, Mass. :
_bHarvard Business Press,
_c2009
300 _axi, 256p. ;
_c17cm.
490 1 _aSkills you need today
500 _aIncludes bibliographical references (p. 244-253)
650 1 0 _aLeadership
_9120
650 2 0 _aCrisis management
_96904
710 2 _aHarvard Business School.
_bPress.
_96954
830 0 _aSkills you need today
_96955
942 _2ddc
_cBOOK